TOP RANKED UFC FIGHTERS OF 2024 - Statistics

General Stats
  • This quiz has been taken 615 times
  • The average score is 32 of 40
Answer Stats
Hint Answer % Correct
28–1 (C) Jon Jones
100%
15–3 Tom Aspinall
96%
12–2 (C) Alex Pereira
95%
16–0 (C) Ilia Topuria
94%
26–1 (C) Islam Makhachev
94%
26–4 Alexander Volkanovski
93%
18–2 Sean O'Malley
92%
22–2 (C) Dricus Du Plessis
91%
29–5 (C) Alexandre Pantoja
90%
35–10 Charles Oliveira
90%
24–3 (C) Belal Muhammad
89%
24–4 Israel Adesanya
89%
22–4 Leon Edwards
89%
18–4 (C) Merab Dvalishvili
88%
29–6 Sean Strickland
88%
30–9 Dustin Poirier
87%
26–8 Max Holloway
87%
25–5 Justin Gaethje
86%
14–0 Khamzat Chimaev
86%
19–1–1 Magomed Ankalaev
86%
13–2 Ciryl Gane
84%
20–4 Kamaru Usman
84%
18–0 Umar Nurmagomedov
82%
30–5–1 Jiří Procházka
81%
22–3 Arman Tsarukyan
80%
12–2 Jamahal Hill
78%
22–8–2 Brandon Moreno
76%
19–0 Shavkat Rakhmonov
74%
18–5 Petr Yan
71%
38–11 Alexander Volkov
70%
18–3 Sergei Pavlovich
67%
26–6 Diego Lopes
65%
17–7 Brandon Royval
64%
26–8 Robert Whittaker
64%
29–10–1 Jan Błachowicz
60%
19–0 Movsar Evloev
60%
17–5 Cory Sandhagen
59%
17–2 Jack Della Maddalena
59%
25–11 Kai Kara-France
59%
17–2 Amir Albazi
35%
No matching quizzes found
Score Distribution
Percent of People with Each Score
Percentile by Number Answered
Your Score History
You have not taken this quiz